Apunts per a la història de Sant Martí de Provençals : estudi / estudi /
Publicado:
[Barcelona] :
Consell Municipal Dte. Xè, Comissió de l'Arxiu Històric de Sant Martí de Provençals ,
1982
Descripción Física:
32 p. : il. ; 30 cm
Otros Autores:
Ubero, Lina
Idioma:
Catalán
MARC
| LEADER | 00000nam a2200000Ia 4500 | ||
|---|---|---|---|
| 001 | 15402 | ||
| 003 | Arxiu | ||
| 005 | 20260324175316.0 | ||
| 008 | 160829s1982 spc xx s cat c | ||
| 040 | |a AGDB | ||
| 080 | |a FU-37-7 | ||
| 245 | 0 | 0 | |a Apunts per a la història de Sant Martí de Provençals : |b estudi / |b |b |c [realització: Comissió de l'Arxiu Històric Municipal de Sant Martí de Provençals ; coordinació: Lina Ubero i Badía] |
| 260 | |a [Barcelona] : |b Consell Municipal Dte. Xè, Comissió de l'Arxiu Històric de Sant Martí de Provençals, |c DL 1982 | ||
| 300 | |a 32 p. : |b il. ; |c 30 cm | ||
| 590 | |a A la part superior de la portada: Arxiu Històric Municipal de Sant Martí de Provençals. | ||
| 590 | |a Bibliografia | ||
| 650 | |a Sant Martí de Provençals (Barcelona) |x Història |9 26298 | ||
| 700 | 1 | |a Ubero, Lina |e coordinadora |9 38985 | |
| 710 | 2 | |a Arxiu Municipal de Barcelona |9 55021 | |
| 710 | 1 | |a Barcelona (Catalunya). |b Ajuntament |9 50981 | |
| 901 | |a Arxiu | ||
| 942 | |n 1 |2 udc |c ARXIU | ||
| 952 | |0 0 |1 0 |4 0 |6 FU377 |7 1 |9 43858 |a Arxiu |b Arxiu |d 2016-12-01 |l 0 |o FU-37-7 |p 15402 |r 2016-12-01 00:00:00 |w 2016-12-01 |y ARXIU | ||
| 999 | |c 46437 |d 46437 | ||